| 000 | 00671nam a2200169 a 4500 | ||
|---|---|---|---|
| 008 | 120416s1982 ||||||||||||||||| || u | ||
| 020 | _a0835942694 | ||
| 050 | _aHF 5415.2 Kre | ||
| 100 | _aKress, George | ||
| 245 | 1 | 0 | _aMarketing research |
| 250 | _a2nd ed. | ||
| 260 |
_aReston, Virginia _bReston _c1982 |
||
| 300 | _axiv, 427p. : ill. | ||
| 350 | _a0.00 | ||
| 995 |
_aMAIN LIBRARY OPEN ACCESS _D0.00 _e709274 _FCBU-MAIN LIBRARY (Kitwe) _H2 _I28.85 _jHF 5415.2 Kre _UAVAILABLE _y005685 _ZMain Library Open Access Collection |
||
| 995 |
_aBINDERY (DAMAGED) _D0.00 _e005686 _FCBU-MAIN LIBRARY (Kitwe) _H1 _I28.85 _jHF 5415.2 Kre _UDAMAGED _y005686 _ZMain Library Open Access Collection |
||
| 999 |
_c82673 _d82673 |
||